<?xml version="1.0" encoding="UTF-8"?>
<record
    xmlns:xsi="http://www.w3.org/2001/XMLSchema-instance"
    xsi:schemaLocation="http://www.loc.gov/MARC21/slim http://www.loc.gov/standards/marcxml/schema/MARC21slim.xsd"
    xmlns="http://www.loc.gov/MARC21/slim">

  <leader>01406nam a2200241Ia 4500</leader>
  <datafield tag="999" ind1=" " ind2=" ">
    <subfield code="c">45510</subfield>
    <subfield code="d">45510</subfield>
  </datafield>
  <controlfield tag="001">12335</controlfield>
  <controlfield tag="003">GE_BSU</controlfield>
  <controlfield tag="005">20240701122749.0</controlfield>
  <controlfield tag="008">181216s2014||||geo|||||||||||||| ||ge ||</controlfield>
  <datafield tag="020" ind1=" " ind2=" ">
    <subfield code="a">9789941436925</subfield>
  </datafield>
  <datafield tag="040" ind1=" " ind2=" ">
    <subfield code="c">GE_BSU</subfield>
  </datafield>
  <datafield tag="041" ind1=" " ind2=" ">
    <subfield code="a">geo</subfield>
  </datafield>
  <datafield tag="080" ind1=" " ind2=" ">
    <subfield code="a">376.2 &#x10DD;-99</subfield>
  </datafield>
  <datafield tag="245" ind1=" " ind2=" ">
    <subfield code="a">&#x10DD;&#x10EF;&#x10D0;&#x10EE;&#x10D8;&#x10E1; &#x10D3;&#x10D0; &#x10E1;&#x10D9;&#x10DD;&#x10DA;&#x10D8;&#x10E1; &#x10D7;&#x10D0;&#x10DC;&#x10D0;&#x10DB;&#x10E8;&#x10E0;&#x10DD;&#x10DB;&#x10DA;&#x10DD;&#x10D1;&#x10D0; = FAMILY AND SCHOOL COOPERATION /</subfield>
    <subfield code="c">&#x10D0;&#x10D5;&#x10E2;. &#x10D3;&#x10D0; &#x10E8;&#x10D4;&#x10DB;&#x10D3;&#x10D2;. : &#x10D2;&#x10D8;&#x10DD;&#x10E0;&#x10D2;&#x10D8; &#x10D1;&#x10D8;&#x10E1;&#x10D4;&#x10D8;&#x10E8;&#x10D5;&#x10D8;&#x10DA;&#x10D8;, &#x10DC;&#x10D8;&#x10DC;&#x10DD; &#x10D2;&#x10DD;&#x10D2;&#x10D8;&#x10E9;&#x10D0;&#x10EB;&#x10D4;, &#x10DA;&#x10E3;&#x10DB;&#x10D8; &#x10D8;&#x10D0;&#x10DC;&#x10D2;&#x10D8; &#x10D3;&#x10D0; &#x10E1;&#x10EE;&#x10D5;. ; &#x10DB;&#x10D7;. &#x10E0;&#x10D4;&#x10D3;. &#x10DB;&#x10D0;&#x10D3;&#x10DD;&#x10DC;&#x10D0; &#x10EE;&#x10D0;&#x10E0;&#x10D4;&#x10D1;&#x10D0;&#x10D5;&#x10D0;.</subfield>
  </datafield>
  <datafield tag="264" ind1=" " ind2=" ">
    <subfield code="a">&#x10D7;&#x10D1;&#x10D8;&#x10DA;&#x10D8;&#x10E1;&#x10D8; :</subfield>
    <subfield code="b">&#x10DC;&#x10D4;&#x10D9;&#x10D4;&#x10E0;&#x10D8;,</subfield>
    <subfield code="c">2014.</subfield>
  </datafield>
  <datafield tag="300" ind1=" " ind2=" ">
    <subfield code="a">138 &#x10D2;&#x10D5;. ;</subfield>
    <subfield code="c">20 &#x10E1;&#x10DB;.</subfield>
  </datafield>
  <datafield tag="300" ind1=" " ind2=" ">
    <subfield code="b">&#x10D3;&#x10D0;&#x10DC;&#x10D0;&#x10E0;&#x10D7;&#x10D8; 1,2,3,4 - &#x10D2;&#x10D5;:127-131.</subfield>
  </datafield>
  <datafield tag="500" ind1=" " ind2=" ">
    <subfield code="a">&#x10E8;&#x10D4;&#x10D6;&#x10E6;&#x10E3;&#x10D3;&#x10E3;&#x10DA;&#x10D8; &#x10E8;&#x10D4;&#x10E1;&#x10D0;&#x10EB;&#x10DA;&#x10D4;&#x10D1;&#x10DA;&#x10DD;&#x10D1;&#x10D8;&#x10E1; &#x10DB;&#x10E5;&#x10DD;&#x10DC;&#x10D4; &#x10E5;&#x10D0;&#x10DA;&#x10D7;&#x10D0; &#x10D3;&#x10D0; &#x10E8;&#x10D4;&#x10D6;&#x10E6;&#x10E3;&#x10D3;. &#x10E8;&#x10D4;&#x10E1;&#x10D0;&#x10EB;&#x10DA;. &#x10DB;&#x10E5;&#x10DD;&#x10DC;&#x10D4; &#x10D1;&#x10D0;&#x10D5;&#x10E8;&#x10D5;&#x10D7;&#x10D0; &#x10D3;&#x10D4;&#x10D3;&#x10D0;&#x10D7;&#x10D0; &#x10D0;&#x10E1;&#x10DD;&#x10EA;&#x10D8;&#x10D0;&#x10EA;&#x10D8;&#x10D0; "&#x10D3;&#x10D4;&#x10D0;</subfield>
  </datafield>
  <datafield tag="501" ind1=" " ind2=" ">
    <subfield code="a">&#x10D3;&#x10D0;&#x10DC;&#x10D0;&#x10E0;&#x10D7;&#x10D8; 1,2,3,4 - &#x10D2;&#x10D5;. : 127-131</subfield>
  </datafield>
  <datafield tag="653" ind1=" " ind2=" ">
    <subfield code="a">&#x10DD;&#x10EF;&#x10D0;&#x10EE;&#x10D8;&#x10E1; &#x10D3;&#x10D0; &#x10E1;&#x10D9;&#x10DD;&#x10DA;&#x10D8;&#x10E1; &#x10D7;&#x10D0;&#x10DC;&#x10D0;&#x10DB;&#x10E8;&#x10E0;&#x10DD;&#x10DB;&#x10DA;&#x10DD;&#x10D1;&#x10D0; = FAMILY AND SCHOOL COOPERATION.</subfield>
  </datafield>
  <datafield tag="700" ind1=" " ind2=" ">
    <subfield code="a">&#x10EE;&#x10D0;&#x10E0;&#x10D4;&#x10D1;&#x10D0;&#x10D5;&#x10D0;, &#x10DB;&#x10D0;&#x10D3;&#x10DD;&#x10DC;&#x10D0;</subfield>
    <subfield code="e">&#x10E0;&#x10D4;&#x10D3;&#x10D0;&#x10E5;&#x10E2;&#x10DD;&#x10E0;&#x10D8;</subfield>
    <subfield code="9">22635</subfield>
  </datafield>
  <datafield tag="942" ind1=" " ind2=" ">
    <subfield code="c">BK</subfield>
    <subfield code="2">udc</subfield>
  </datafield>
  <datafield tag="952" ind1=" " ind2=" ">
    <subfield code="0">0</subfield>
    <subfield code="1">0</subfield>
    <subfield code="2">udc</subfield>
    <subfield code="4">0</subfield>
    <subfield code="6">3762_&#x10DD;99</subfield>
    <subfield code="7">0</subfield>
    <subfield code="9">59537</subfield>
    <subfield code="a">CPL</subfield>
    <subfield code="b">CPL</subfield>
    <subfield code="c">GEN</subfield>
    <subfield code="d">2018-12-17</subfield>
    <subfield code="o">376.2 &#x10DD;-99</subfield>
    <subfield code="p">27044</subfield>
    <subfield code="r">2018-12-17</subfield>
    <subfield code="t">27044</subfield>
    <subfield code="w">2018-12-17</subfield>
    <subfield code="y">BK</subfield>
  </datafield>
  <datafield tag="952" ind1=" " ind2=" ">
    <subfield code="0">0</subfield>
    <subfield code="1">0</subfield>
    <subfield code="2">udc</subfield>
    <subfield code="4">0</subfield>
    <subfield code="6">3762_&#x10DD;99</subfield>
    <subfield code="7">0</subfield>
    <subfield code="9">59538</subfield>
    <subfield code="a">CPL</subfield>
    <subfield code="b">CPL</subfield>
    <subfield code="c">GEN</subfield>
    <subfield code="d">2018-12-17</subfield>
    <subfield code="o">376.2 &#x10DD;-99</subfield>
    <subfield code="p">27045</subfield>
    <subfield code="r">2018-12-17</subfield>
    <subfield code="t">27045</subfield>
    <subfield code="w">2018-12-17</subfield>
    <subfield code="y">BK</subfield>
  </datafield>
  <datafield tag="952" ind1=" " ind2=" ">
    <subfield code="0">0</subfield>
    <subfield code="1">0</subfield>
    <subfield code="2">udc</subfield>
    <subfield code="4">0</subfield>
    <subfield code="6">3762_&#x10DD;99</subfield>
    <subfield code="7">0</subfield>
    <subfield code="9">59539</subfield>
    <subfield code="a">CPL</subfield>
    <subfield code="b">CPL</subfield>
    <subfield code="c">GEN</subfield>
    <subfield code="d">2018-12-17</subfield>
    <subfield code="o">376.2 &#x10DD;-99</subfield>
    <subfield code="p">27046</subfield>
    <subfield code="r">2018-12-17</subfield>
    <subfield code="t">27046</subfield>
    <subfield code="w">2018-12-17</subfield>
    <subfield code="y">BK</subfield>
  </datafield>
  <datafield tag="952" ind1=" " ind2=" ">
    <subfield code="0">0</subfield>
    <subfield code="1">0</subfield>
    <subfield code="2">udc</subfield>
    <subfield code="4">0</subfield>
    <subfield code="6">3762_&#x10DD;99</subfield>
    <subfield code="7">0</subfield>
    <subfield code="9">59540</subfield>
    <subfield code="a">CPL</subfield>
    <subfield code="b">CPL</subfield>
    <subfield code="c">GEN</subfield>
    <subfield code="d">2018-12-17</subfield>
    <subfield code="o">376.2 &#x10DD;-99</subfield>
    <subfield code="p">27047</subfield>
    <subfield code="r">2018-12-17</subfield>
    <subfield code="t">27047</subfield>
    <subfield code="w">2018-12-17</subfield>
    <subfield code="y">BK</subfield>
  </datafield>
</record>
